000 00331nam a22001337a 4500
008 181015b xxu||||| |||| 00| 0 eng d
020 _a0534538886
041 _aeng
080 _22nd
_a316
100 _a50
101 _aSOC
245 _aInterviewing in Action. Relationship, Process, and Change.
_cMurphy, B.C
942 _2udc
_cBK
999 _c49738
_d49738